| 000 | 00786nas a2200265Ia 4500 | ||
|---|---|---|---|
| 001 | A07/R086-36048 | ||
| 003 | IT-MiCISF | ||
| 008 | 161014c99999999xx |||||||||||| ||und|| | ||
| 040 |
_aIT-MiCISF _cIT-MiCISF |
||
| 041 | _aITALIANO | ||
| 100 | _aErmini M. | ||
| 210 | _aMedicina e morale | ||
| 222 | _aMedicina e morale | ||
| 245 | 0 | _aIl consenso informato tra teoria e pratica | |
| 250 | _a1a ed. | ||
| 260 | _c2002 | ||
| 501 |
_bCISF - Centro Internazionale Studi Famiglia - Via Giotto, 36 20145 MILANO (non commercial uses only) _cCopyright 2016 |
||
| 300 | _app. 493-504 | ||
| 362 | _an. 3, maggio-giugno [2002] | ||
| 500 | _a Tema: bioetica, diritti-del-malato | ||
| 650 |
_aBIOETICA _varticolo |
||
| 700 | _aAA.VV. | ||
| 942 | _cCR | ||
| 957 | _71 | ||
| 999 |
_a36048 _bSi _g1 _c237752 _d237752 |
||